Pastinya anda boleh

Bibliographic Details
Main Author: Collis, Jack
Format: Book
Published: Batu Caves : Thinker's Library , 2003
Subjects:

MARC

LEADER 00000cam a2200000 7i4500
001 0000015275
005 20050803.0
020 |a 9676904783 
040 |a INS 
090 0 0 |a HF5386   |b C712 2003 
100 1 |a Collis, Jack 
245 0 0 |a Pastinya anda boleh   |c Jack Collis 
260 |a Batu Caves :   |b Thinker's Library ,   |c 2003 
300 |a xviii :   |b 272p. ;   |c 22cm. 
650 0 0 |a Success 
999 |a 0000015198   |b BOOK   |c Open Shelf   |e Default branch